Gaming Quiz

Random Gaming or Nintendo Quiz

Nintendo Villains Quiz Stats

Quiz Updated Jul 29, 2015

Challenge
Share
Tweet
Score 0/20 Timer 04:00
4 Plays Today
% Correct
Bowser
99%
Ganondorf
74.7%
King Dedede
68.2%
Master Hand
62.8%
Giovanni
52.1%
King K. Rool
49.7%
Ridley
49.5%
Andross
42.1%
Petey Piranha
38.4%
Porky Minch
35.8%
% Correct
Zant
29.3%
Wart
26.2%
Fawful
24.7%
Whispy Woods
23.8%
Kraid
23.4%
Lysandre
23.1%
Vaati
22.8%
Bald Bull
21.9%
Eggplant Wizard
18.7%
Pigma
17.8%

You're not logged in!

Compare scores with friends on all Sporcle quizzes.
Join for Free
OR
Log In

You Might Also Like...

Show Comments

Extras

Top Quizzes Today


Score Distribution

Your Account Isn't Verified!

In order to create a playlist on Sporcle, you need to verify the email address you used during registration. Go to your Sporcle Settings to finish the process.

Report this User

Report this user for behavior that violates our Community Guidelines.

Details: